ბათუმის შოთა რუსთაველის სახელმწიფო უნივერსიტეტის ბიბლიოთეკა

მეცხოველეობის ფერმების მექანიზაცია (ბიბ.ჩანაწერი № 50781)

000 -LEADER
fixed length control field 01200nam a2200253Ia 4500
001 - CONTROL NUMBER
control field 17733
003 - CONTROL NUMBER IDENTIFIER
control field GE_BSU
008 - FIXED-LENGTH DATA ELEMENTS--GENERAL INFORMATION
fixed length control field 181216s||||||||xx |||||||||||||| ||und||
020 ## - INTERNATIONAL STANDARD BOOK NUMBER
International Standard Book Number 9789941408915
040 ## - CATALOGING SOURCE
Transcribing agency GE_BSU
080 ## - UNIVERSAL DECIMAL CLASSIFICATION NUMBER
Universal Decimal Classification number 636.002.5(075.5)
100 ## - MAIN ENTRY--PERSONAL NAME
Personal name ციბაძე,ზურაბ
245 ## - TITLE STATEMENT
Title მეცხოველეობის ფერმების მექანიზაცია
245 ## - TITLE STATEMENT
Remainder of title სახელმძღვანელო
260 ## - PUBLICATION, DISTRIBUTION, ETC.
Place of publication, distribution, etc. ქუთაისი
260 ## - PUBLICATION, DISTRIBUTION, ETC.
Name of publisher, distributor, etc. აკაკი წერეთლის სახ. უნ-ტი
260 ## - PUBLICATION, DISTRIBUTION, ETC.
Date of publication, distribution, etc. 2009
300 ## - PHYSICAL DESCRIPTION
Extent 244გვ.ილ.20სმ.
300 ## - PHYSICAL DESCRIPTION
Accompanying material ბიბლ.გვ.237-238
653 ## - INDEX TERM--UNCONTROLLED
Uncontrolled term მანქანებისა და დანადგარების კომპლექტები, აღწერილობა, ექსპლოატაცია, მოვლა და მათი გამოყენების ეკონომიკური ეფექტიანობა
653 ## - INDEX TERM--UNCONTROLLED
Uncontrolled term მეცხოველეობის ფერმების მექანიზაცია
653 ## - INDEX TERM--UNCONTROLLED
Uncontrolled term სახელმძღვ.
942 ## - ADDED ENTRY ELEMENTS (KOHA)
Koha item type წიგნი
ეგზემპლარები
Withdrawn status Lost status Damaged status Not for loan Date acquired Barcode Date last seen Price effective from Koha item type
        2018-12-17 41590 2018-12-17 2018-12-17 წიგნი